[Event "RUS-ch Seniors"]
[Site "Odintsovo"]
[Date "2008.10.04"]
[Round "3"]
[White "Shestoperov, Aleksej"]
[Black "Golcman, Evgeny"]
[Result "1/2-1/2"]
[WhiteElo "2390"]
[BlackElo "2252"]
[PlyCount "20"]
[EventDate "2008.10.02"]
[EventType "swiss"]
[EventRounds "9"]
[EventCountry "RUS"]
[SourceTitle "CBM 127 Extra"]
[Source "ChessBase"]
[SourceDate "2009.01.08"]
[SourceVersion "2"]
[SourceVersionDate "2009.01.28"]
[SourceQuality "1"]

1. d4 c5 2. c3 e6 3. Nf3 Nf6 4. e3 Be7 5. Nbd2 0-0 6. Bd3 d5 7. 0-0 Nc6 8. dxc5 Bxc5 9. e4 dxe4 10. Nxe4 Be7 1/2-1/2

[Event "Wch Seniors 17th"]
[Site "Gmunden"]
[Date "2007.09.21"]
[Round "5"]
[White "Shestoperov, Aleksej"]
[Black "Danner, Georg"]
[Result "1-0"]
[WhiteElo "2397"]
[BlackElo "2426"]
[PlyCount "73"]
[EventDate "2007.09.17"]
[EventType "swiss"]
[EventRounds "11"]
[EventCountry "AUT"]
[SourceTitle "CBM 120 Extra"]
[Source "ChessBase"]
[SourceDate "2007.11.01"]
[SourceVersion "1"]
[SourceVersionDate "2007.11.01"]
[SourceQuality "1"]

1. d4 Nf6 2. Nf3 c5 3. d5 g6 4. Nc3 Bg7 5. e4 d6 6. Bb5+ Nbd7 7. a4 0-0 8. 0-0 a6 9. Be2 Rb8 10. Re1 Ne8 11. Bf4 Nc7 12. Bf1 Ne5 13. Nxe5 Bxe5 14. Bxe5 dxe5 15. a5 Bd7 16. Qd2 Bb5 17. Qe3 Qd6 18. Na4 Bxa4 19. Rxa4 Rfc8 20. Qh6 Ne8 21. Ra3 Qf6 22. Rh3 Qg7 23. Qg5 Rc7 24. Rb3 Rd8 25. Qe3 Qf6 26. Rc3 Qd6 27. g3 Rb8 28. Ra1 Nf6 29. Ra4 e6 30. dxe6 Qxe6 31. Rxc5 Rxc5 32. Qxc5 Rc8 33. Qb4 Rxc2 34. Qxb7 Rc1 35. Kg2 Nh5 36. Ra3 Nf4+ 37. gxf4 1-0

[Event "Wch Seniors 17th"]
[Site "Gmunden"]
[Date "2007.09.20"]
[Round "4"]
[White "Hoeschele, Hans Ulrich"]
[Black "Shestoperov, Aleksej"]
[Result "0-1"]
[WhiteElo "2207"]
[BlackElo "2397"]
[PlyCount "50"]
[EventDate "2007.09.17"]
[EventType "swiss"]
[EventRounds "11"]
[EventCountry "AUT"]
[SourceTitle "CBM 120 Extra"]
[Source "ChessBase"]
[SourceDate "2007.11.01"]
[SourceVersion "1"]
[SourceVersionDate "2007.11.01"]
[SourceQuality "1"]

1. b3 e5 2. Bb2 Nc6 3. e3 Nf6 4. Be2 d5 5. d3 Bd6 6. Nd2 0-0 7. e4 Qe7 8. Bf3 dxe4 9. dxe4 Rd8 10. c3 a5 11. Qc2 b6 12. Be2 Ba6 13. Nc4 Bc5 14. Bc1 b5 15. Ne3 b4 16. Nf5 Qe6 17. Bxa6 Rxa6 18. Be3 Bxe3 19. Nxe3 bxc3 20. Nf3 Nb4 21. Qxc3 Rc6 22. Qxc6 Nd3+ 23. Ke2 Nf4+ 24. Kf1 Qxc6 25. Nxe5 Qxe4 0-1

[Event "Kaluga Tsiolkovsky Memorial op"]
[Site "Kaluga"]
[Date "2007.08.06"]
[Round "4"]
[White "Vorobjev, Dmitry"]
[Black "Shestoperov, Aleksej"]
[Result "0-1"]
[WhiteElo "2106"]
[BlackElo "2397"]
[PlyCount "108"]
[EventDate "2007.08.03"]
[EventType "swiss"]
[EventRounds "9"]
[EventCountry "RUS"]
[SourceTitle "CBM 119 Extra"]
[Source "ChessBase"]
[SourceDate "2007.09.04"]
[SourceVersion "1"]
[SourceVersionDate "2007.09.04"]
[SourceQuality "1"]

1. e4 c5 2. Nf3 e6 3. d4 cxd4 4. Nxd4 Nc6 5. Nb5 d6 6. c4 a6 7. N5a3 Nf6 8. Nc3 Be7 9. Be2 0-0 10. 0-0 b6 11. Be3 Bb7 12. f3 Ne5 13. Qd4 Ned7 14. Rfd1 Qc7 15. Rac1 Rac8 16. Kh1 Rfe8 17. Bg1 Bf8 18. Nc2 Qb8 19. Bf1 Ba8 20. b4 Qc7 21. Na1 Rb8 22. Nb3 Rec8 23. Qf2 g6 24. Qe3 h5 25. h3 Rd8 26. Bh2 Be7 27. c5 bxc5 28. bxc5 Qa7 29. Qe2 Nxc5 30. Nxc5 dxc5 31. Bxb8 Qxb8 32. Qxa6 Rf8 33. Nb5 Bxe4 34. Qa7 Qxa7 35. Nxa7 Bd5 36. Bc4 Ra8 37. Bxd5 exd5 38. Nc6 Bf8 39. Rc2 d4 40. Ne5 Nd5 41. Nc4 Nc3 42. Rxc3 dxc3 43. Rc1 Bg7 44. Rc2 Rb8 45. a3 Ra8 46. Ra2 Rb8 47. Rc2 Rb2 48. Rc1 Ra2 49. Kh2 h4 50. f4 Re2 51. Kg1 Bd4+ 52. Kh1 c2 53. a4 Bf2 54. Na3 Be3 0-1

[Event "EU-ch Seniors 06th"]
[Site "Davos"]
[Date "2006.08.09"]
[Round "5"]
[White "Shestoperov, Aleksej"]
[Black "Bogorad, Michail"]
[Result "1-0"]
[WhiteElo "2411"]
[BlackElo "2259"]
[PlyCount "55"]
[EventDate "2006.08.05"]
[EventType "swiss"]
[EventRounds "9"]
[EventCountry "SUI"]
[SourceTitle "CBM 113 Extra"]
[Source "ChessBase"]
[SourceDate "2006.09.14"]
[SourceVersion "1"]
[SourceVersionDate "2006.09.14"]
[SourceQuality "1"]

1. d4 c5 2. d5 Nf6 3. c4 b5 4. cxb5 a6 5. b6 Qxb6 6. Nc3 d6 7. e4 g6 8. Nf3 Bg7 9. Be2 0-0 10. 0-0 Nbd7 11. Nd2 Ne8 12. Nc4 Qd8 13. Bf4 Rb8 14. Qd2 Bd4 15. Be3 Bg7 16. Bh6 Ne5 17. Bxg7 Nxc4 18. Bxc4 Kxg7 19. f4 Qb6 20. b3 Nc7 21. a4 e6 22. a5 Qa7 23. dxe6 Bxe6 24. f5 Bxc4 25. f6+ Kh8 26. bxc4 Ne6 27. Qh6 Rb3 28. Rf3 1-0

[Event "EU-ch Seniors 06th"]
[Site "Davos"]
[Date "2006.08.08"]
[Round "4"]
[White "Winiwarter, Felix"]
[Black "Shestoperov, Aleksej"]
[Result "1/2-1/2"]
[WhiteElo "2175"]
[BlackElo "2411"]
[PlyCount "81"]
[EventDate "2006.08.05"]
[EventType "swiss"]
[EventRounds "9"]
[EventCountry "SUI"]
[SourceTitle "CBM 113 Extra"]
[Source "ChessBase"]
[SourceDate "2006.09.14"]
[SourceVersion "1"]
[SourceVersionDate "2006.09.14"]
[SourceQuality "1"]

1. e4 c5 2. Nf3 e6 3. d4 cxd4 4. Nxd4 Nc6 5. Be2 Nf6 6. Nc3 d6 7. 0-0 a6 8. Be3 Bd7 9. f4 Be7 10. Qe1 0-0 11. Qg3 Qc7 12. Rae1 b5 13. a3 Kh8 14. Bd3 Ng8 15. Nxc6 Bxc6 16. Bd4 f6 17. f5 e5 18. Be3 Qb7 19. Rf3 Bd8 20. Qh4 Bb6 21. Rh3 h6 22. Kf1 Bxe3 23. Rexe3 Rad8 24. Reg3 d5 25. exd5 Bxd5 26. Qg4 Bc6 27. Qe2 Rd4 28. Rg4 Rfd8 29. Rhh4 Qd7 30. Rxd4 exd4 31. Nb1 Re8 32. Qf2 Re3 33. Nd2 Ne7 34. Rf4 Bd5 35. Nf3 Bxf3 36. Rxf3 Rxf3 37. Qxf3 Nc6 38. Be4 Ne5 39. h3 Kh7 40. Qe2 Qd6 41. Kg1 1/2-1/2

[Event "EU-ch Seniors 06th"]
[Site "Davos"]
[Date "2006.08.06"]
[Round "2"]
[White "Schmieder, Wolfgang Ernst"]
[Black "Shestoperov, Aleksej"]
[Result "0-1"]
[WhiteElo "2222"]
[BlackElo "2411"]
[PlyCount "60"]
[EventDate "2006.08.05"]
[EventType "swiss"]
[EventRounds "9"]
[EventCountry "SUI"]
[SourceTitle "CBM 113 Extra"]
[Source "ChessBase"]
[SourceDate "2006.09.14"]
[SourceVersion "1"]
[SourceVersionDate "2006.09.14"]
[SourceQuality "1"]

1. c4 g6 2. Nc3 Bg7 3. Nf3 d6 4. d4 Nf6 5. e4 0-0 6. Be2 e5 7. dxe5 dxe5 8. Qxd8 Rxd8 9. 0-0 c6 10. Bg5 h6 11. Bh4 Re8 12. Bxf6 Bxf6 13. h3 Na6 14. Nh2 h5 15. a3 Nc5 16. Rad1 Ne6 17. Bd3 Rd8 18. Ne2 Nc5 19. Bc2 Be6 20. b3 a5 21. f3 a4 22. Nc1 axb3 23. Nxb3 Nxb3 24. Bxb3 Rxa3 25. Rxd8+ Bxd8 26. Rb1 b5 27. Nf1 bxc4 28. Bd1 Bg5 29. Be2 c3 30. Bd3 Ra2 0-1

[Event "EU-ch Seniors 06th"]
[Site "Davos"]
[Date "2006.08.05"]
[Round "1"]
[White "Shestoperov, Aleksej"]
[Black "Kirsch, Gerard"]
[Result "1/2-1/2"]
[WhiteElo "2411"]
[BlackElo "2064"]
[PlyCount "58"]
[EventDate "2006.08.05"]
[EventType "swiss"]
[EventRounds "9"]
[EventCountry "SUI"]
[SourceTitle "CBM 113 Extra"]
[Source "ChessBase"]
[SourceDate "2006.09.14"]
[SourceVersion "1"]
[SourceVersionDate "2006.09.14"]
[SourceQuality "1"]

1. d4 e6 2. c4 f5 3. g3 Nf6 4. Bg2 d6 5. Nf3 Be7 6. 0-0 0-0 7. Nc3 a5 8. Re1 Ne4 9. Qc2 Nc6 10. a3 Nxc3 11. Qxc3 Bf6 12. Be3 Qe7 13. Rad1 Kh8 14. b4 axb4 15. axb4 e5 16. dxe5 Nxe5 17. Bd4 c6 18. c5 Nxf3+ 19. exf3 Bxd4 20. Rxd4 Qf6 21. cxd6 Be6 22. f4 Rfd8 23. Re5 h6 24. h4 Rd7 25. Bf3 Rad8 26. Qd3 g6 27. h5 g5 28. Qe3 Rxd6 29. Rxd6 Rxd6 1/2-1/2

[Event "RUS-ch Seniors"]
[Site "Zvenigorod"]
[Date "2005.12.04"]
[Round "7"]
[White "Birjukov, Sergey"]
[Black "Shestoperov, Aleksej"]
[Result "0-1"]
[WhiteElo "2318"]
[BlackElo "2432"]
[PlyCount "66"]
[EventDate "2005.11.28"]
[EventType "swiss"]
[EventRounds "7"]
[EventCountry "RUS"]
[SourceTitle "EXT 2007"]
[Source "ChessBase"]
[SourceDate "2006.11.23"]
[SourceVersion "1"]
[SourceVersionDate "2006.11.23"]
[SourceQuality "1"]

1. d4 g6 2. Nf3 Bg7 3. Bf4 d6 4. e3 Nd7 5. Be2 e5 6. Bg3 Nh6 7. 0-0 0-0 8. h3 Kh8 9. c3 Qe7 10. Qc2 f5 11. Bh4 Bf6 12. Bxf6+ Nxf6 13. Nbd2 e4 14. Nh2 g5 15. Rfe1 f4 16. Bf1 d5 17. c4 fxe3 18. fxe3 g4 19. hxg4 Nfxg4 20. Nxg4 Nxg4 21. cxd5 Qd6 22. Nf3 exf3 23. gxf3 Rxf3 24. e4 Rg3+ 25. Bg2 Qh6 26. Re2 Qh2+ 27. Kf1 Rxg2 28. Ke1 Rg1+ 29. Kd2 Qf4+ 30. Kc3 Rxa1 31. Qa4 Rc1+ 32. Kd3 Bd7 33. Qxd7 Nf2+ 0-1

[Event "RUS-ch Seniors"]
[Site "Zvenigorod"]
[Date "2005.12.04"]
[Round "6"]
[White "Shestoperov, Aleksej"]
[Black "Bojarinov, Victor A"]
[Result "1/2-1/2"]
[WhiteElo "2432"]
[BlackElo "2300"]
[PlyCount "60"]
[EventDate "2005.11.28"]
[EventType "swiss"]
[EventRounds "7"]
[EventCountry "RUS"]
[SourceTitle "EXT 2007"]
[Source "ChessBase"]
[SourceDate "2006.11.23"]
[SourceVersion "1"]
[SourceVersionDate "2006.11.23"]
[SourceQuality "1"]

1. d4 Nf6 2. Nf3 e6 3. c4 Bb4+ 4. Bd2 a5 5. Nc3 b6 6. g3 Ba6 7. b3 Bb7 8. Bg2 0-0 9. 0-0 Ne4 10. Nxe4 Bxe4 11. a3 Bxd2 12. Qxd2 d6 13. d5 e5 14. b4 Qe7 15. Nh4 Bxg2 16. Nxg2 Nd7 17. e4 f5 18. exf5 Rxf5 19. f4 axb4 20. axb4 Rxa1 21. Rxa1 exf4 22. Nxf4 Qe4 23. Rf1 Qxc4 24. Rc1 Qe4 25. Rxc7 Ne5 26. Rc8+ Rf8 27. Qc3 Qb1+ 28. Kg2 Qe4+ 29. Kg1 Qb1+ 30. Kg2 Qe4+ 1/2-1/2

[Event "Wch Seniors 15th"]
[Site "Lignano Sabbiadoro"]
[Date "2005.10.06"]
[Round "8"]
[White "Shestoperov, Aleksej"]
[Black "Siegmund, Rainer"]
[Result "1-0"]
[WhiteElo "2432"]
[BlackElo "2128"]
[PlyCount "139"]
[EventDate "2005.09.28"]
[EventType "swiss"]
[EventRounds "11"]
[EventCountry "ITA"]
[SourceTitle "CBM 108 Extra"]
[Source "ChessBase"]
[SourceDate "2005.11.04"]
[SourceVersion "1"]
[SourceVersionDate "2005.11.04"]
[SourceQuality "1"]

1. d4 Nf6 2. Nf3 e6 3. c4 b6 4. e3 Bb7 5. Bd3 d5 6. cxd5 exd5 7. Nc3 Bd6 8. 0-0 0-0 9. b3 a6 10. Bb2 Nbd7 11. Rc1 Qe7 12. Ne2 Ne4 13. Ng3 f5 14. Rc2 Rf7 15. Re1 g6 16. Nf1 Rc8 17. Qe2 Ra8 18. Rec1 c5 19. Re1 b5 20. dxc5 Ndxc5 21. Nd4 Be5 22. f3 Nxd3 23. Qxd3 Nc5 24. Qd2 Ne6 25. Nc6 Bxc6 26. Bxe5 Bb7 27. Ng3 Rff8 28. Rec1 Rfd8 29. Ne2 Rd7 30. Bb2 Kf7 31. Nd4 Nd8 32. f4 Kg8 33. Nf3 Ne6 34. Ne5 Rc7 35. Rxc7 Nxc7 36. Qd4 Ne6 37. Nc6 Bxc6 38. Qh8+ Kf7 39. Qxh7+ Ke8 40. Qxe7+ Kxe7 41. Rxc6 Kd7 42. Rc2 Rc8 43. Rxc8 Kxc8 44. h3 Nc5 45. Bc3 Kd7 46. g4 Ke6 47. Kg2 Nd3 48. Bd2 Nc5 49. Kf2 Nd3+ 50. Ke2 Nc5 51. Bb4 Ne4 52. g5 d4 53. exd4 Kd5 54. Ke3 Ng3 55. h4 Nh5 56. Bd2 Ke6 57. a4 Kd5 58. axb5 axb5 59. Kd3 Ng3 60. Ba5 Nh5 61. Bc7 Ng3 62. Be5 Nh5 63. Kc3 Ng3 64. Kb4 Kc6 65. d5+ Kxd5 66. Kxb5 Ne2 67. b4 Nc1 68. Ka5 Nd3 69. Bb8 Nb2 70. b5 1-0

[Event "Wch Seniors 15th"]
[Site "Lignano Sabbiadoro"]
[Date "2005.10.04"]
[Round "7"]
[White "Shestoperov, Aleksej"]
[Black "Keserovic, Milan"]
[Result "1/2-1/2"]
[WhiteElo "2432"]
[BlackElo "2232"]
[PlyCount "125"]
[EventDate "2005.09.28"]
[EventType "swiss"]
[EventRounds "11"]
[EventCountry "ITA"]
[SourceTitle "CBM 108 Extra"]
[Source "ChessBase"]
[SourceDate "2005.11.04"]
[SourceVersion "1"]
[SourceVersionDate "2005.11.04"]
[SourceQuality "1"]

1. Nf3 f5 2. c4 Nf6 3. g3 g6 4. d4 Bg7 5. Bg2 0-0 6. 0-0 d6 7. Nc3 c6 8. d5 e5 9. dxe6 Bxe6 10. b3 Na6 11. Bb2 Qe7 12. Nd4 Bf7 13. Re1 Nc5 14. Qc2 Rad8 15. Rad1 a5 16. e3 Rfe8 17. Nde2 Qc7 18. Nf4 Qb6 19. Nd3 Ne6 20. Na4 Qc7 21. c5 Ne4 22. Bxg7 Kxg7 23. cxd6 Rxd6 24. Nc3 Nxc3 25. Qxc3+ Kg8 26. Ne5 Red8 27. Rxd6 Rxd6 28. e4 fxe4 29. Bxe4 Nd4 30. Kg2 Be6 31. h4 Rd8 32. Nd3 Bf5 33. Bxf5 Nxf5 34. Ne5 Nd4 35. Re4 c5 36. Qe3 Nf5 37. Qf4 Rd4 38. h5 Kg7 39. hxg6 hxg6 40. g4 Rxe4 41. Qxe4 Ne7 42. a4 Qd6 43. Nc4 Qc6 44. Kf3 Kf6 45. Ke3 Nd5+ 46. Kd2 Kg5 47. f3 Nb4 48. Qe3+ Kh4 49. Ne5 Qd6+ 50. Ke2 Nd5 51. Qf2+ Kh3 52. Qf1+ Kg3 53. Qg1+ Kh3 54. Nd3 Kh4 55. Qe1+ Kg5 56. Qc1+ Kh4 57. Kf1 Kg3 58. Nxc5 Kxf3 59. Qd1+ Kf4 60. Qd4+ Kf3 61. Qd1+ Kf4 62. Qd4+ Kf3 63. Qd1+ 1/2-1/2

[Event "Wch Seniors 15th"]
[Site "Lignano Sabbiadoro"]
[Date "2005.09.28"]
[Round "1"]
[White "Shestoperov, Aleksej"]
[Black "Gousseinov, Aguif"]
[Result "1-0"]
[WhiteElo "2432"]
[BlackElo "2066"]
[PlyCount "125"]
[EventDate "2005.09.28"]
[EventType "swiss"]
[EventRounds "11"]
[EventCountry "ITA"]
[SourceTitle "CBM 108 Extra"]
[Source "ChessBase"]
[SourceDate "2005.11.04"]
[SourceVersion "1"]
[SourceVersionDate "2005.11.04"]
[SourceQuality "1"]

1. Nf3 Nf6 2. c4 e6 3. d4 Bb4+ 4. Bd2 Qe7 5. g3 d5 6. Bg2 c6 7. 0-0 Bxd2 8. Nbxd2 Nbd7 9. Qc2 0-0 10. Rfe1 Re8 11. Rad1 Nf8 12. e4 dxe4 13. Nxe4 Nxe4 14. Qxe4 Bd7 15. h4 Red8 16. Ne5 Be8 17. c5 Nd7 18. Nc4 Nf6 19. Qe5 Bd7 20. Nd6 Rab8 21. b4 Ne8 22. Nc4 Qf6 23. Na5 a6 24. Nc4 Kf8 25. Qe4 Qg6 26. Qf4 Qf6 27. Qe3 Nc7 28. Qd3 g6 29. Re3 Kg7 30. Rf3 Qe7 31. Nd6 Rf8 32. Re3 Qf6 33. Rde1 Nb5 34. Nc4 Rfd8 35. Ne5 Be8 36. Re4 Nc7 37. Qd2 Nd5 38. g4 Qe7 39. g5 Qc7 40. Ng4 a5 41. a3 axb4 42. axb4 b6 43. Re5 bxc5 44. Bxd5 Rxd5 45. Rxd5 cxd5 46. dxc5 Bd7 47. Qd4+ Kf8 48. Nf6 Bc6 49. Nxh7+ Kg8 50. Nf6+ Kf8 51. h5 gxh5 52. Nxh5 e5 53. Qh4 e4 54. Nf4 Qe5 55. Qh6+ Ke7 56. Nd3 Qe6 57. Qh4 Rg8 58. Nf4 Qf5 59. g6+ Qf6 60. Qg3 fxg6 61. b5 g5 62. Nh5 Qc3 63. Qxc3 1-0

[Event "RUS-ch Seniors"]
[Site "Tula"]
[Date "2004.05.17"]
[Round "8"]
[White "Shestoperov, Aleksej"]
[Black "Shabanov, Yuri"]
[Result "1/2-1/2"]
[WhiteElo "2438"]
[BlackElo "2425"]
[PlyCount "27"]
[EventDate "2004.05.??"]
[EventType "swiss"]
[EventRounds "9"]
[EventCountry "RUS"]
[SourceTitle "EXT 2005"]
[Source "ChessBase"]
[SourceDate "2004.11.15"]
[SourceVersion "1"]
[SourceVersionDate "2004.11.15"]
[SourceQuality "1"]

1. d4 d5 2. c4 c6 3. Nf3 Nf6 4. e3 e6 5. Nc3 Nbd7 6. Bd3 Bd6 7. 0-0 0-0 8. e4 dxe4 9. Nxe4 Nxe4 10. Bxe4 h6 11. Bc2 e5 12. Re1 Bb4 13. Bd2 Bxd2 14. Qxd2 1/2-1/2

[Event "RUS-ch Seniors"]
[Site "Tula"]
[Date "2004.05.13"]
[Round "4"]
[White "Shestoperov, Aleksej"]
[Black "Karasev, Vladimir I"]
[Result "1/2-1/2"]
[WhiteElo "2438"]
[BlackElo "2412"]
[PlyCount "27"]
[EventDate "2004.05.??"]
[EventType "swiss"]
[EventRounds "9"]
[EventCountry "RUS"]
[SourceTitle "EXT 2005"]
[Source "ChessBase"]
[SourceDate "2004.11.15"]
[SourceVersion "1"]
[SourceVersionDate "2004.11.15"]
[SourceQuality "1"]

1. d4 d5 2. c4 e6 3. Nc3 Nf6 4. Bg5 Be7 5. Nf3 h6 6. Bh4 0-0 7. e3 Ne4 8. Bxe7 Qxe7 9. Qc2 Nxc3 10. Qxc3 c6 11. Bd3 dxc4 12. Bxc4 Nd7 13. 0-0 b6 14. Rad1 1/2-1/2

[Event "Tula Botvinnik Memorial"]
[Site "Tula"]
[Date "2003.??.??"]
[Round "10"]
[White "Doroshkievich, Vladimir K"]
[Black "Shestoperov, Aleksej"]
[Result "1/2-1/2"]
[WhiteElo "2410"]
[BlackElo "2464"]
[PlyCount "63"]
[EventDate "2003.??.??"]
[EventType "tourn"]
[EventRounds "11"]
[EventCountry "RUS"]
[EventCategory "8"]
[SourceTitle "EXT 2005"]
[Source "ChessBase"]
[SourceDate "2004.11.15"]
[SourceVersion "1"]
[SourceVersionDate "2004.11.15"]
[SourceQuality "1"]

1. d4 Nf6 2. c4 g6 3. Nc3 Bg7 4. e4 d6 5. Be2 0-0 6. Nf3 e5 7. dxe5 dxe5 8. Qxd8 Rxd8 9. Nd5 Nxd5 10. cxd5 c6 11. Bc4 b5 12. Bb3 Bb7 13. Bg5 Rd7 14. Rc1 cxd5 15. Bxd5 Na6 16. Bxb7 Rxb7 17. Ke2 f5 18. Nd2 Nc7 19. f3 Ne6 20. Be3 Rd8 21. Nb3 fxe4 22. fxe4 Rbd7 23. Rhd1 Rxd1 24. Rxd1 Nf4+ 25. Bxf4 Rxd1 26. Kxd1 exf4 27. Nc5 Bxb2 28. Nd3 Bd4 29. Nxf4 Kf7 30. Ke2 Kf6 31. Kd3 Be5 32. g3 1/2-1/2

[Event "Samara op"]
[Site "Samara"]
[Date "2003.??.??"]
[Round "3"]
[White "Kadatsky, Alexander"]
[Black "Shestoperov, Aleksej"]
[Result "0-1"]
[WhiteElo "2292"]
[BlackElo "2464"]
[PlyCount "66"]
[EventDate "2003.??.??"]
[EventType "swiss"]
[EventRounds "9"]
[EventCountry "RUS"]
[SourceTitle "EXT 2005"]
[Source "ChessBase"]
[SourceDate "2004.11.15"]
[SourceVersion "1"]
[SourceVersionDate "2004.11.15"]
[SourceQuality "1"]

1. e4 c5 2. Nf3 e6 3. c3 Nf6 4. e5 Nd5 5. d4 cxd4 6. cxd4 d6 7. Bc4 Nc6 8. 0-0 Be7 9. Nbd2 0-0 10. Re1 dxe5 11. dxe5 Qc7 12. a3 Rd8 13. b4 b5 14. Bf1 a5 15. bxa5 Nc3 16. Qc2 Nb4 17. Qb3 Nc2 18. Bb2 Nxe1 19. Bxc3 Nxf3+ 20. Nxf3 Rd5 21. Bb4 Ba6 22. Qe3 h6 23. h4 Qd7 24. Qb6 Bd8 25. Qe3 Bb7 26. Qe1 Bc7 27. Rb1 Qd8 28. Bc3 Bc6 29. Rc1 Be8 30. Qe4 Bxa5 31. Bd4 Bc7 32. Bd3 g6 33. Qf4 Ra4 0-1

[Event "Tula Botvinnik Memorial"]
[Site "Tula"]
[Date "2003.??.??"]
[Round "11"]
[White "Shestoperov, Aleksej"]
[Black "Vasiukov, Evgeni"]
[Result "1/2-1/2"]
[WhiteElo "2464"]
[BlackElo "2542"]
[PlyCount "34"]
[EventDate "2003.??.??"]
[EventType "tourn"]
[EventRounds "11"]
[EventCountry "RUS"]
[EventCategory "8"]
[SourceTitle "EXT 2005"]
[Source "ChessBase"]
[SourceDate "2004.11.15"]
[SourceVersion "1"]
[SourceVersionDate "2004.11.15"]
[SourceQuality "1"]

1. d4 f5 2. Nf3 Nf6 3. c4 g6 4. g3 Bg7 5. Bg2 0-0 6. 0-0 d6 7. Nc3 Qe8 8. d5 Na6 9. Rb1 Nc5 10. Nb5 Na6 11. Nc3 Nc5 12. Nb5 Qd8 13. b4 Nce4 14. Bb2 a5 15. a3 c6 16. Nc3 axb4 17. axb4 c5 1/2-1/2

[Event "Samara op"]
[Site "Samara"]
[Date "2003.??.??"]
[Round "5"]
[White "Sterliagova, Tatiana"]
[Black "Shestoperov, Aleksej"]
[Result "1-0"]
[WhiteElo "2156"]
[BlackElo "2464"]
[PlyCount "83"]
[EventDate "2003.??.??"]
[EventType "swiss"]
[EventRounds "9"]
[EventCountry "RUS"]
[SourceTitle "EXT 2005"]
[Source "ChessBase"]
[SourceDate "2004.11.15"]
[SourceVersion "1"]
[SourceVersionDate "2004.11.15"]
[SourceQuality "1"]

1. d4 Nf6 2. c4 e6 3. Nc3 Bb4 4. Qc2 0-0 5. Bg5 h6 6. Bh4 d5 7. cxd5 exd5 8. e3 Re8 9. Nf3 Nbd7 10. Bd3 c5 11. 0-0 Qa5 12. Nd2 c4 13. Be2 Bxc3 14. bxc3 Re6 15. Bf3 Nb6 16. Rab1 Bd7 17. Rb4 Ba4 18. Qb2 Bc6 19. Re1 Rae8 20. Bd1 Nc8 21. Bxf6 Rxf6 22. e4 dxe4 23. Nxc4 Qg5 24. Ne3 Ne7 25. c4 b6 26. Ba4 Ng6 27. Bxc6 Rxc6 28. Rb5 Qd8 29. Rd5 Qc7 30. g3 Qc8 31. Qe2 Qh3 32. Rh5 Qd7 33. Rd5 Qc7 34. Qg4 Nf8 35. Kg2 Rg6 36. Qd1 Ne6 37. Kh1 Ng5 38. Qa4 Rc6 39. Rxg5 hxg5 40. d5 Rce6 41. dxe6 Rxe6 42. Rd1 1-0

[Event "Samara op"]
[Site "Samara"]
[Date "2003.??.??"]
[Round "1"]
[White "Turkin, Viktor"]
[Black "Shestoperov, Aleksej"]
[Result "1/2-1/2"]
[WhiteElo "2285"]
[BlackElo "2464"]
[PlyCount "88"]
[EventDate "2003.??.??"]
[EventType "swiss"]
[EventRounds "9"]
[EventCountry "RUS"]
[SourceTitle "EXT 2005"]
[Source "ChessBase"]
[SourceDate "2004.11.15"]
[SourceVersion "1"]
[SourceVersionDate "2004.11.15"]
[SourceQuality "1"]

1. e4 c5 2. Nf3 e6 3. d4 cxd4 4. Nxd4 Nc6 5. Be3 Nf6 6. Bd3 d5 7. Nd2 Be7 8. Nxc6 bxc6 9. 0-0 0-0 10. e5 Nd7 11. f4 g6 12. Qg4 Nc5 13. Nf3 Nxd3 14. cxd3 Ba6 15. Rad1 c5 16. b3 d4 17. Bc1 Bb7 18. Ng5 a5 19. Qh3 Bxg5 20. fxg5 Qd5 21. Rde1 a4 22. bxa4 Rxa4 23. a3 c4 24. Rf2 cxd3 25. Qxd3 Ba6 26. Qd1 Bb5 27. Bd2 Rxa3 28. Bb4 Rd3 29. Qg4 Re3 30. Rc1 Qxe5 31. Qf4 Qxf4 32. Rxf4 e5 33. Bxf8 Kxf8 34. Rf3 Re2 35. Rf2 Re4 36. Rb2 Bd7 37. Rc7 Be6 38. h3 Kg7 39. Kf2 h6 40. Rb6 Ba2 41. Ra6 Bb3 42. Rb6 Ba2 43. Ra6 Bb3 44. Rb6 Ba2 1/2-1/2

[Event "Wch Seniors 12th"]
[Site "Naumburg"]
[Date "2002.10.24"]
[Round "4"]
[White "Shestoperov, Aleksej"]
[Black "Kanko, Ilkka"]
[Result "1/2-1/2"]
[WhiteElo "2464"]
[BlackElo "2265"]
[PlyCount "72"]
[EventDate "2002.10.21"]
[EventType "swiss"]
[EventRounds "11"]
[EventCountry "GER"]
[SourceTitle "EXT 2003"]
[Source "ChessBase"]
[SourceDate "2002.11.25"]
[SourceVersion "1"]
[SourceVersionDate "2002.11.25"]
[SourceQuality "1"]

1. d4 Nf6 2. Nf3 b6 3. c4 e6 4. e3 Bb7 5. Bd3 g6 6. Nc3 Bg7 7. 0-0 d6 8. e4 Nbd7 9. Bf4 0-0 10. Qd2 e5 11. Bg5 exd4 12. Nxd4 Nc5 13. Rfe1 h6 14. Bf4 Nxd3 15. Qxd3 Nd7 16. Qd2 Kh7 17. Rad1 Nc5 18. f3 Ne6 19. Be3 a6 20. Nd5 b5 21. Qc2 c5 22. Ne2 bxc4 23. Qxc4 Bc6 24. Ndc3 Bb5 25. Qd5 Bxe2 26. Rxe2 Nd4 27. Red2 Rb8 28. Ne2 Nxe2+ 29. Rxe2 Bxb2 30. Bxc5 dxc5 31. Qxd8 Rfxd8 32. Rxd8 Rxd8 33. Rxb2 Rd3 34. Rc2 Ra3 35. Rxc5 Rxa2 36. Rc7 Kg7 1/2-1/2

[Event "Wch Seniors 12th"]
[Site "Naumburg"]
[Date "2002.10.22"]
[Round "2"]
[White "Shestoperov, Aleksej"]
[Black "Winiwarter, Felix"]
[Result "1-0"]
[WhiteElo "2464"]
[BlackElo "2191"]
[PlyCount "101"]
[EventDate "2002.10.21"]
[EventType "swiss"]
[EventRounds "11"]
[EventCountry "GER"]
[SourceTitle "EXT 2003"]
[Source "ChessBase"]
[SourceDate "2002.11.25"]
[SourceVersion "1"]
[SourceVersionDate "2002.11.25"]
[SourceQuality "1"]

1. d4 f5 2. g3 Nf6 3. Bg2 g6 4. Nf3 Bg7 5. 0-0 0-0 6. c4 d6 7. Nc3 Nc6 8. d5 Na5 9. Qa4 c5 10. dxc6 bxc6 11. Nd4 Bd7 12. Nb3 Nxb3 13. Qxb3 Rb8 14. Qc2 Qb6 15. b3 Ne4 16. Bb2 Nxc3 17. Bxc3 Bxc3 18. Qxc3 f4 19. c5 Qb5 20. Rad1 d5 21. Qe5 fxg3 22. hxg3 Rbe8 23. Bxd5+ cxd5 24. Qxd5+ e6 25. Qxd7 Qxc5 26. Rc1 Re7 27. Rxc5 Rxd7 28. Rfc1 Rfd8 29. Kg2 Kf7 30. Rc8 Rxc8 31. Rxc8 Kf6 32. Rc5 Ke7 33. Ra5 Kf6 34. f4 Rc7 35. Kf3 h5 36. b4 Rd7 37. a4 Rb7 38. b5 Rc7 39. Ra6 Rc3+ 40. e3 Rc7 41. Ke4 Rd7 42. Kf3 Rc7 43. g4 hxg4+ 44. Kxg4 Kf7 45. e4 Kf6 46. a5 Rb7 47. e5+ Ke7 48. b6 axb6 49. axb6 Kd8 50. Ra8+ Kd7 51. Ra7 1-0